| 000 | 00675nam a2200205 a 4500 | ||
|---|---|---|---|
| 001 | BRCA_1745 | ||
| 005 | 20190320203530.0 | ||
| 008 | 150508s1991----mx-#---###---#000-0#spa-# | ||
| 041 | _aspa | ||
| 044 | _amx | ||
| 050 | 4 |
_aF1391.P8 _b.L43 68 _c1991 |
|
| 100 | 1 |
_aOliver Vega, Beatriz M. _95446 |
|
| 245 | 1 | 0 |
_aPapel amate _cBeatriz M. Oliver Vega. |
| 260 |
_aPuebla, México _bGobierno del Estado de Puebla : Secretaría de Cultura : Comisión Puebla V Centenario _c1991 |
||
| 300 |
_a21 p. _c21 cm. |
||
| 440 | 0 |
_aLecturas Históricas de Puebla _v68 _95447 |
|
| 650 | 1 | 4 |
_aPepel industrial _zPuebla, México _95448 |
| 651 | 4 |
_aPuebla (México) _xHistoria _9409 |
|
| 942 |
_2lcc _cB |
||
| 999 |
_c1529 _d1529 |
||